| 000 | 00895nam a2200217 a 4500 | ||
|---|---|---|---|
| 003 | 0 | ||
| 005 | 20250218085734.0 | ||
| 008 | 110617s19uu xx 00 eng d | ||
| 050 |
_aPHS BF 637.B85 _b.Se2 2011 |
||
| 100 | _aSebastian, Francesca Louise O. | ||
| 245 |
_aThe effects of teen drama shows, home environment, and the bullying tendencies of female fourth year high school students / _cFrancesca Louise O. Sebastian. |
||
| 260 |
_aLas PiƱas City, Philippines : _bSouthville International School and Colleges, _c2011. |
||
| 300 |
_a27 pages : _billustrations ; _c28 cm. |
||
| 504 | _aIncludes bibliographical references. | ||
| 650 | _aBullying in schools. | ||
| 650 |
_aTeen television programs _xSocial aspects. |
||
| 650 |
_aHome environment _xPsychological aspects. |
||
| 650 | _aMass media and teenagers. | ||
| 650 |
_aHigh school students _xSocial conditions. |
||
| 942 |
_2lcc _cPASS |
||
| 999 |
_c98530 _d98530 |
||